9-Letter Vocabulary (Medium) Quiz Stats

 Plays Quiz Updated Dec 3, 2016

Support Sporcle.
Go Orange.
Score 0/25 Timer 06:00
11 Plays Today
% Correct
minuscule
94.2%
gondolier
94%
publicize
93.7%
impromptu
93.7%
nostalgia
93.2%
sanctuary
93.2%
custodian
93%
nutritive
93%
laminated
92.9%
parchment
92.8%
statistic
92.7%
impartial
92.5%
chromatic
91.8%
% Correct
fabricate
91.7%
lingering
91.4%
skeptical
91%
etymology
90.5%
oscillate
90.3%
beguiling
88.7%
ethnology
88%
meandrous
87.9%
flustered
87.1%
reinforce
86.4%
provision
83.3%
quizzical
81.3%

You're not logged in!

Compare scores with friends on all Sporcle quizzes.
OR
Log In

From the Vault

TV Character Image Sorting V

by Doctor_Arzt

We made everything screenshots so you wouldn't have to keep pausing and playing episodes.
Remove Ads.
Support Sporcle.
Get the best of Sporcle when you Go Orange. This ad-free experience offers more features, more stats, and more fun while also helping to support Sporcle. Thank you for becoming a member.

Show Comments

Extras

Top Quizzes Today


Score Distribution

Your Account Isn't Verified!

In order to create a playlist on Sporcle, you need to verify the email address you used during registration. Go to your Sporcle Settings to finish the process.

Report this User

Report this user for behavior that violates our Community Guidelines.

Details: